000 00838nam a2200253 i 4500
001 bg
245 0 0 _aEncyklopedia "białych plam".
_nT.5,
_pDemokracji "kult" - eutanazja /
_c[red. Mirosław Fijołek et al. ; aut. haseł Czesław Stanisław Bartnik et al.].
260 _aRadom :
_bPolskie Wydaw. Encyklopedyczne,
_c2001.
300 _a320 s. :
_bil., err. ;
_c24 cm.
500 _aNa okł. i grzb. tyt. t.: de-eu.
504 _aBibliogr. przy hasłach.
650 9 _aEncyklopedia polska
700 1 _aFIJOŁEK, Mirosław.
_eRed.
700 1 _aBARTNIK, Czesław Stanisław
_d(1929- ).
020 _a8391206858 (t. 5)
020 _a8391206807
040 _cBPK
041 0 _apol
080 _a0/9(03)
920 _a83-912068-5-8 (t. 5)
920 _a83-912068-0-7
942 _cKS
008 s pl f |000 0 pol
999 _c43534
_d43534
856 _uhttp://koha.tu.koszalin.pl/cgi-bin/koha/opac-detail.pl?biblionumber=43534
_yKatalog online BPK